The impacts of state-owned enterprises on public transit and freight rail sectors : hearing before the Committee on Transportation and Infrastructure, House of Representatives, One Hundred Sixteenth Congress, first session, May 16, 2019.

Bibliographic Details
Corporate Author: United States. Congress. House. Committee on Transportation and Infrastructure (Author)
Format: Government Document eBook
Language:English
Published: Washington : U.S. Government Publishing Office, 2020.
Subjects:
Online Access:https://purl.fdlp.gov/GPO/gpo132842

MARC

Tag First Indicator Second Indicator Subfields
LEADER 00000cam a2200000 i 4500
001 in00004091221
005 20211120104334.0
006 m o d f
007 cr |||||||||||
008 200228s2020 dcu ob f000 0 eng c
019 |a 1182633835 
024 8 |a 37-138  |q (GPO jacket number) 
035 |a (OCoLC)on1142262221 
042 |a pcc 
043 |a n-us---  |a a-cc--- 
040 |a GPO  |b eng  |e rda  |e pn  |c GPO  |d OCLCF  |d GPO  |d MvI 
049 |a WWW 
050 4 |a KF27  |b .P896 2019c 
074 |a 1024-C-01 (online) 
086 0 |a Y 4.T 68/2:116-16 
110 1 |a United States.  |b Congress.  |b House.  |b Committee on Transportation and Infrastructure,  |e author. 
245 1 4 |a The impacts of state-owned enterprises on public transit and freight rail sectors :  |b hearing before the Committee on Transportation and Infrastructure, House of Representatives, One Hundred Sixteenth Congress, first session, May 16, 2019. 
264 1 |a Washington :  |b U.S. Government Publishing Office,  |c 2020. 
300 |a 1 online resource (x, 106 pages) 
336 |a text  |b txt  |2 rdacontent 
337 |a computer  |b c  |2 rdamedia 
338 |a online resource  |b cr  |2 rdacarrier 
500 |a "116-16." 
500 |a Access ID (govinfo): CHRG-116hhrg37138. 
504 |a Includes bibliographical references. 
511 0 |a Hearing witnesses: Brigadier General John Adams, U.S. Army (Retired), President, Guardian Six LLC; Hamilton Galloway, Head of Consultancy for the Americas, Oxford Economics; Frank J. Cilluffo, Director, McCrary Institute for Cyber and Critical Infrastructure Security, Auburn University; Zachary Kahn, Director of Government Relations, North America, BYD Motors LLC; Phillip A. Washington, CEO, Los Angeles County Metropolitan Transportation Authority. 
518 |a Date of hearing: 2019-05-16. 
588 |a Description based on online resource; title from PDF title page (govinfo, viewed Feb. 24, 2020). 
650 0 |a Government business enterprises. 
650 0 |a Local transit  |z United States. 
650 0 |a Railroads  |x Equipment and supplies. 
650 0 |a Competition, Unfair  |z China. 
651 0 |a United States  |x Economic policy. 
651 0 |a United States  |x Foreign economic relations  |z China. 
651 0 |a China  |x Foreign economic relations  |z United States. 
650 7 |a Competition, Unfair.  |2 fast  |0 (OCoLC)fst00871522 
650 7 |a Economic policy.  |2 fast  |0 (OCoLC)fst00902025 
650 7 |a Government business enterprises.  |2 fast  |0 (OCoLC)fst00945198 
650 7 |a International economic relations.  |2 fast  |0 (OCoLC)fst00976891 
650 7 |a Local transit.  |2 fast  |0 (OCoLC)fst01001523 
650 7 |a Railroads  |x Equipment and supplies.  |2 fast  |0 (OCoLC)fst01088942 
651 7 |a China.  |2 fast  |0 (OCoLC)fst01206073 
651 7 |a United States.  |2 fast  |0 (OCoLC)fst01204155 
655 7 |a Legislative hearings.  |2 fast  |0 (OCoLC)fst01910825 
655 7 |a Legislative hearings.  |2 lcgft 
776 0 8 |i Print version:  |a United States. Congress. House. Committee on Transportation and Infrastructure.  |t Impacts of state-owned enterprises on public transit and freight rail sectors  |w (OCoLC)1160195616 
776 0 8 |i Microfiche version:  |a United States. Congress. House. Committee on Transportation and Infrastructure.  |t Impacts of state-owned enterprises on public transit and freight rail sectors  |w (OCoLC)1261310973 
856 4 0 |u https://purl.fdlp.gov/GPO/gpo132842  |t 0 
999 f f |s 2dca049d-3b63-35c8-b424-370e67940ad9  |i f870bbf3-331f-3c64-b8de-70411a328041  |t 0 
952 f f |a Texas A&M University  |b College Station  |c Electronic Resources  |d Available Online  |t 0  |e Y 4.T 68/2:116-16  |h Superintendent of Documents classification 
998 f f |a Y 4.T 68/2:116-16  |t 0  |l Available Online